|
|
|
|
| LEADER |
00000nam a2200000 i 4500 |
| 001 |
DIGUAZUAY0029 |
| 003 |
NyNyDIG |
| 007 |
cr ||||||||||| |
| 008 |
260114s2022 ec a ob 000 0 spa d |
| 006 |
m o d |
| 035 |
|
|
|a (OCoLC)1438858992
|
| 040 |
|
|
|a DGITA
|b eng
|e rda
|e pn
|c DGITA
|
| 020 |
|
|
|a 9789978325933
|q eBook
|
| 020 |
|
|
|z 9789978325926
|
| 050 |
1 |
4 |
|a T55.3.H5 ebook
|
| 245 |
0 |
0 |
|a Atención prehospitalaria en ambientes laborales /
|c compilación, Doris Sarmiento Altamirano ; autores, Katherine Astudillo B. [and 13 others].
|
| 264 |
|
1 |
|a Cuenca, Ecuador :
|b Universidad del Azuay,
|c [2022]
|
| 300 |
|
|
|a 1 online resource :
|b illustrations.
|
| 336 |
|
|
|a text
|b txt
|2 rdacontent
|
| 337 |
|
|
|a computer
|b c
|2 rdamedia
|
| 338 |
|
|
|a online resource
|b cr
|2 rdacarrier
|
| 347 |
|
|
|a text file
|2 rdaft
|
| 347 |
|
|
|b PDF
|
| 504 |
|
|
|a Includes bibliographical references.
|
| 588 |
0 |
|
|a Online resource; title from PDF title page (Digitalia, viewed January 14, 2026)
|
| 650 |
|
0 |
|a Industrial safety.
|
| 650 |
|
0 |
|a Industrial accidents.
|
| 700 |
1 |
|
|a Sarmiento Altamirano, Doris,
|e editor.
|
| 700 |
1 |
|
|a Astudillo B., Katherine,
|e author.
|
| 791 |
2 |
|
|a Digitalia (Firm),
|e distributor.
|
| 793 |
0 |
|
|g Digitalia eBook Collection:
|a Universidad del Azuay
|
| 776 |
0 |
8 |
|i Print version:
|t Atención prehospitalaria en ambientes laborales.
|d Cuenca, Ecuador : Universidad del Azuay, [2022]
|z 9789978325926
|
| 856 |
4 |
0 |
|3 Digitalia Hispánica
|u https://www.digitaliapublishing.com/a/133412/
|
| 910 |
|
|
|a Premium collection: 2026
|